Normal view
MARC view
Entry Personal Name
001 - CONTROL NUMBER
- control field: 699097
003 - CONTROL NUMBER IDENTIFIER
- control field: OSt
005 - DATE AND TIME OF LATEST TRANSACTION
- control field: 20221007082443.0
008 - FIXED-LENGTH DATA ELEMENTS
- fixed length control field: 221007|| aca||aabn | a|a d
040 ## - CATALOGING SOURCE
- Original cataloging agency: OSt
- Transcribing agency: OSt
100 ## - HEADING--PERSONAL NAME
- Personal name: Dept. of public information (New York U.S.A.)
670 ## - SOURCE DATA FOUND
- Source citation: Work cat.: (OSt)1166481: Dept. of public information (New York U.S.A.) 699096, Yearbook of the united nations 1978, 1978
